Statistics for SOS - SZA (all lyrics)

Click here to take the quiz!

General Stats

  • This quiz has been taken 125 times
  • The average score is 131 of 242

Answer Stats

HintAnswer% Correct
a
96%
I
96%
you
90%
me
89%
give
84%
x2it
82%
second
82%
minute
80%
x2back
79%
bitch
79%
so
79%
x2want
79%
for
78%
shit
78%
the
78%
all
77%
no
77%
can't
76%
on
74%
let
73%
that
73%
finish
72%
need
72%
free
71%
and
67%
lil
67%
mine
67%
to
67%
hoes
66%
right
66%
I'm
65%
i'm
65%
this
63%
got
62%
forgot
61%
nah
61%
that's
61%
warning
59%
ain't
56%
gave
56%
case
55%
like
54%
yeah
54%
my
49%
coming
48%
from
48%
shot
48%
more
43%
ass
41%
just
41%
lost
41%
sauce
40%
commissions
38%
needy
38%
with
38%
he
35%
than
35%
know
34%
of
33%
talk
33%
what's
33%
Ex
32%
press
32%
these
32%
been
30%
but
30%
touch
30%
is
29%
it's
29%
without
29%
hate
28%
too
28%
x2damn
27%
replace
27%
horny
26%
not
26%
squeeze
26%
punk
24%
off
23%
suck
23%
they
23%
up
23%
Brady
22%
fuck
22%
greasy
22%
high
22%
natural
22%
x2one
22%
survive
22%
talking
22%
tried
22%
bench
21%
cried
21%
daring
21%
look
21%
organic
21%
pedigree
21%
bullshit
20%
done
20%
KD
20%
mes
20%
mind
20%
mini
20%
fresh
18%
she
18%
stakes
18%
bandit
17%
candid
17%
fat
17%
lot
17%
oh
17%
snatched
17%
pressing
16%
remind
16%
spiteful
16%
writers
16%
aside
15%
tea
15%
classic
13%
petty
13%
Della
12%
dumping
11%
Reese
11%
said
10%
canned
9%
funny
6%
squeezed
6%

Score Distribution

Percentile by Number Answered

Percent of People with Each Score

Your Score History

You have not taken this quiz